00622nam a2200157 a 4500003000200000005001700002008004100019050003100060100002600091245009800117260009000215300002300305650003200328650005200360650005200412020250306142149.0101013s19uu xx 00 eng d aPHS E 183.8.S65b.R33 2010 aReyes, Deo Maxwell I. aThe effect of the Cuban missile crisis on U.S and U.S.S.R relations' /cDeo Maxwell I. Reyes. aLas Piñas City, Philippines :bSouthville International School and Colleges,c2010. a22 pages ;c30 cm. aCuban Missile Crisis, 1962. aUnited StatesxForeign relationszSoviet Union. aSoviet UnionxForeign relationszUnited States.